1104 1858 1191 1277 1031 1776 1967 1175 1498 1708 1289 1535 1369 1327 1943 1053 1072 1620 1182 1038 1610 1790 1675 1281 1349 1570 1998 1381 1060 1193 1219 1051 1159 1556 1568 1555 1410 1754 1309 1257 1023 1297 1932 1388 1386 1997 1830 1898 1718 1329 1049 1462 1228 1543 1251 1196 1627 1295 1171 1550 1266 1162 1594 1084 1515 1596 1298 1022 1275 1064 1365 1802 1754 1550 1781 1482 1647 1143 1706 1551 1642 1784 1205 1467 1372 1007 1792 1730 1906 1470 1380 1735 1597 1267 1105 1523 1966 1689 1113 BCNSPRNW ULIB Ver.6.0+V

เปลี่ยนเป็นภาษาไทย

Change to English
 แสดงรายละเอียดบรรณานุกรม
  กลับหน้าหลัก

Brief Record : Get Marc (ISO 2709) : E-mail record : QR code < ปิดหน้าต่าง
LEADER : 00000nam 2200000uu 4500
001    13399120896
003     ULIB
008    121024s2555||||th 000 0 tha d
099    วพ.WA100^bส869ป
100 0  สุวพิชญ์ ชัชวาลธีราพงศ์
245 00 ปัจจัยที่มีความสัมพันธ์กับกิจวัตรสุขภาพครอบครัวของครอบครัวในชุมชนเขตเทศบาลนครสวรรค์ จังหวัดนครสวรรค์/^cสุวพิชญ์ ชัชวาลธีราพงศ์
260    ชลบุรี:^bวิทยานิพนธ์พยาบาลศาสตรมหาบัณฑิต สาขาวิชาการพยาบาลเวชปฏิบัติครอบครัว คณะพยาบาลศาสตร์ มหาวิทยาลัยบูรพา^c2555
300    73 แผ่น
650  7 ครอบครัว^xวิทยานิพนธ์
650  7 กิจวัตรสุขภาพครอบครัว^xวิทยานิพนธ์
650  2 ชุมชนเขตเทศบาลนครสวรรค์ จังหวัดนครสวรรค์
945    ^p0^l0^i032870
945    ^p0^l0^i032871
995    เกษร
999    ^aใช้งานได้ทุกระบบ
รายการนี้ยังไม่มีแท็ก
คุณยังไม่ได้ล็อกอิน คุณสามารถมีกิจกรรมร่วมกับเว็บไซต์ได้ แต่ต้องล็อกอินก่อน ::
  ล็อกอิน

รายการสื่อสารสนเทศ

ลำดับที่ ประเภท เลขเรียก/บาร์โค้ด สถานที่ สถานะ
1. วิทยานิพนธ์
วิทยานิพนธ์
วพ.WA100 ส869ป  
  Barcode: 032870
ห้องสมุดวิทยาเขตสวรรค์ประชารักษ์
►วิจัย
บนชั้น
2. วิทยานิพนธ์
วิทยานิพนธ์
วพ.WA100 ส869ป ฉ.2 
  Barcode: 032871
ห้องสมุดวิทยาเขตสวรรค์ประชารักษ์
►วิจัย
บนชั้น

รายการใกล้เคียง
    ผู้แต่ง [สุวพิชญ์ ชัชวาลธีราพงศ์]

BibComment


ยังไม่เคยถูกคอมเมนท์

คอมเมนท์ทรัพยากรรายการนี้
  คอมเมนท์: ปัจจัยที่มีความสั..


 Copyright 2026. Bcnsprnw @Library